Syrian Refugees by Country - Statistics

General Stats
  • This quiz has been taken 252 times
  • The average score is 13 of 20
Answer Stats
Refugees Country % Correct
3,535,898 Turkey
95%
522,575 Germany
93%
40,339 France
87%
257,439 Iraq
86%
814,715 Lebanon
86%
660,892 Jordan
82%
12,682 United Kingdom
81%
42,827 Greece
71%
16,191 Spain
71%
111,119 Sweden
71%
145,658 Egypt
67%
45,141 Netherlands
54%
15,964 Norway
52%
73,923 Austria
51%
17,808 Belgium
46%
19,153 Denmark
46%
20,330 Switzerland
40%
23,726 Bulgaria
32%
10,902 Cyprus
30%
93,478 Sudan
16%
No matching quizzes found
Score Distribution
Percent of People with Each Score
Percentile by Number Answered
Your Score History
You have not taken this quiz